[Event "HUN-chT2 Erkel 1819"]
[Site "Hungary"]
[Date "2019.03.10"]
[Round "7.9"]
[White "Szekeres, Tibor"]
[Black "Foldi, Martin"]
[Result "1-0"]
[WhiteElo "1995"]
[BlackElo "1970"]
[PlyCount "55"]
[EventDate "2018.10.28"]
[EventType "team-tourn"]
[EventRounds "9"]
[EventCountry "HUN"]
[SourceTitle "EXT 2021"]
[Source "ChessBase"]
[SourceDate "2020.10.23"]
[SourceVersion "1"]
[SourceVersionDate "2020.10.23"]
[SourceQuality "1"]
[WhiteTeam "Pestszentlorinc"]
[BlackTeam "Gyongyos Energia"]
[WhiteTeamCountry "HUN"]
[BlackTeamCountry "HUN"]

1. d4 f5 2. Nc3 Nf6 3. Bg5 d5 4. Bxf6 exf6 5. e3 Bb4 6. Nge2 Be6 7. Qd3 Qd7 8. a3 Bd6 9. Nf4 c6 10. Nxe6 Qxe6 11. g3 Nd7 12. Bg2 a5 13. 0-0 0-0 14. Rfe1 Nb6 15. Bh3 g6 16. e4 Rae8 17. exd5 Qxe1+ 18. Rxe1 Rxe1+ 19. Bf1 Rfe8 20. Kg2 R1e7 21. Qf3 Rc8 22. dxc6 bxc6 23. d5 c5 24. Nb5 Rd8 25. Nxd6 Rxd6 26. c4 Re4 27. b3 Re8 28. b4 1-0

[Event "HUN-chT2 Erkel 1819"]
[Site "Hungary"]
[Date "2019.02.24"]
[Round "6.10"]
[White "Pervai, Laszlo"]
[Black "Foldi, Martin"]
[Result "0-1"]
[WhiteElo "1772"]
[BlackElo "1970"]
[PlyCount "68"]
[EventDate "2018.10.28"]
[EventType "team-tourn"]
[EventRounds "9"]
[EventCountry "HUN"]
[SourceTitle "EXT 2021"]
[Source "ChessBase"]
[SourceDate "2020.10.23"]
[SourceVersion "1"]
[SourceVersionDate "2020.10.23"]
[SourceQuality "1"]
[WhiteTeam "Szada GSBE"]
[BlackTeam "Gyongyos Energia"]
[WhiteTeamCountry "HUN"]
[BlackTeamCountry "HUN"]

1. e4 d6 2. d4 Nf6 3. Nc3 e5 4. f4 exd4 5. Qxd4 Nc6 6. Bb5 Bd7 7. Bxc6 Bxc6 8. Bd2 Nxe4 9. Nxe4 Qe7 10. 0-0-0 Bxe4 11. Re1 d5 12. Nf3 f5 13. g4 Qc5 14. Qe5+ Be7 15. Nd4 0-0-0 16. Rxe4 fxe4 17. Ne6 Qd6 18. Qxd6 Rxd6 19. Nxg7 Ra6 20. a3 Kd7 21. g5 Rf8 22. f5 d4 23. h4 e3 24. Be1 c5 25. Rf1 c4 26. Rf4 d3 27. cxd3 cxd3 28. Kd1 d2 29. Bg3 Rc6 30. Rd4+ Kc8 31. Ke2 Rc1 32. b3 Rd8 33. f6 Rxd4 34. fxe7 d1Q+ 0-1

[Event "HUN-chT2 Erkel 1718"]
[Site "Hungary"]
[Date "2018.01.28"]
[Round "7.7"]
[White "Honsch, Pal"]
[Black "Foldi, Martin"]
[Result "1/2-1/2"]
[WhiteElo "2062"]
[BlackElo "1968"]
[PlyCount "129"]
[EventDate "2017.09.24"]
[EventType "team-tourn"]
[EventRounds "11"]
[EventCountry "HUN"]
[SourceTitle "EXT 2021"]
[Source "ChessBase"]
[SourceDate "2020.10.23"]
[SourceVersion "1"]
[SourceVersionDate "2020.10.23"]
[SourceQuality "1"]
[WhiteTeam "Szada GSBE"]
[BlackTeam "Gyongyos Energia"]
[WhiteTeamCountry "HUN"]
[BlackTeamCountry "HUN"]

1. d4 f5 2. c4 e6 3. Nf3 Nf6 4. Nc3 Be7 5. g3 d5 6. Bg2 c6 7. 0-0 0-0 8. Ne5 Ne4 9. Nxe4 dxe4 10. f3 c5 11. Be3 exf3 12. Nxf3 cxd4 13. Bxd4 Nc6 14. e3 Qc7 15. Bc3 Rd8 16. Qe2 e5 17. b3 Bc5 18. Kh1 e4 19. Ne1 Qb6 20. Qb2 Bxe3 21. Nc2 Bh6 22. g4 fxg4 23. Bxe4 Be6 24. Rae1 Qc7 25. Bxh7+ Kxh7 26. Rxe6 Qd7 27. Ree1 Rf8 28. Nd4 Nxd4 29. Bxd4 Rxf1+ 30. Rxf1 a6 31. Qc2+ Kg8 32. Qf2 Re8 33. Bb2 Qc6+ 34. Qg2 Re2 35. Qxc6 bxc6 36. Bd4 Rxa2 37. Rg1 Rd2 38. Rxg4 Rd3 39. b4 Kf7 40. Re4 Rb3 41. Bc5 Bd2 42. Re7+ Kg8 43. Rb7 Rc3 44. Rd7 Bc1 45. Rxg7+ Kxg7 46. Bd4+ Kg6 47. Bxc3 Kf5 48. Kg2 Ke4 49. c5 Kd3 50. Be1 Ke2 51. Bf2 Bd2 52. h4 Bxb4 53. Bd4 Kd3 54. Bg7 Bxc5 55. h5 Be3 56. h6 Bxh6 57. Bxh6 c5 58. Kf1 Kc2 59. Ke2 a5 60. Ke3 a4 61. Bf8 c4 62. Kd4 Kb3 63. Be7 c3 64. Ba3 Kc2 65. Kc4 1/2-1/2

[Event "HUN-chT2 Erkel 1617"]
[Site "Hungary"]
[Date "2016.11.13"]
[Round "4.3"]
[White "Foldi, Martin"]
[Black "Frink, Ferenc"]
[Result "0-1"]
[WhiteElo "1937"]
[BlackElo "2073"]
[PlyCount "86"]
[EventDate "2016.09.25"]
[EventType "team-tourn"]
[EventRounds "11"]
[EventCountry "HUN"]
[SourceTitle "EXT 2021"]
[Source "ChessBase"]
[SourceDate "2020.10.23"]
[SourceVersion "1"]
[SourceVersionDate "2020.10.23"]
[SourceQuality "1"]
[WhiteTeam "Gyongyos Matra"]
[BlackTeam "Salgotarjan"]
[WhiteTeamCountry "HUN"]
[BlackTeamCountry "HUN"]

1. e3 e5 2. b3 d5 3. Bb2 Bd6 4. c4 c6 5. Nf3 Bg4 6. Be2 Nd7 7. h3 Be6 8. d3 Qe7 9. Nbd2 f5 10. a3 Ngf6 11. Ng5 0-0 12. 0-0 h6 13. Nxe6 Qxe6 14. cxd5 cxd5 15. e4 Nb6 16. exd5 Nfxd5 17. Bf3 Qg6 18. Nc4 Nf4 19. Nxe5 Nxh3+ 20. Kh1 Bxe5 21. Bxe5 Ng5 22. Bxb7 Rad8 23. f4 Ne6 24. Rc1 Nd5 25. Bxd5 Rxd5 26. Qf3 Rfd8 27. Rfd1 Nc5 28. d4 Ne4 29. Rc7 R5d7 30. Rdc1 Qe6 31. R1c6 Qe7 32. Rxd7 Rxd7 33. b4 Kh7 34. Kg1 Qh4 35. Qh3 Qe1+ 36. Kh2 Rf7 37. g3 Nf2 38. Qg2 Ng4+ 39. Kh3 Qd1 40. Rc2 Ne3 41. Qe2 Qh1+ 42. Qh2 Qf1+ 43. Kh4 Nxc2 0-1

[Event "HUN-chT2 Erkel 1314"]
[Site "Hungary"]
[Date "2014.04.13"]
[Round "10.12"]
[White "Foldi, Martin"]
[Black "Torocsik, Jozsef"]
[Result "1/2-1/2"]
[WhiteElo "1790"]
[BlackElo "1621"]
[PlyCount "45"]
[EventDate "2013.09.08"]
[EventType "team-tourn"]
[EventRounds "11"]
[EventCountry "HUN"]
[SourceTitle "EXT 2016"]
[Source "ChessBase"]
[SourceDate "2015.10.08"]
[SourceVersion "1"]
[SourceVersionDate "2015.10.08"]
[SourceQuality "1"]
[WhiteTeam "Gyongyos Matra"]
[BlackTeam "Szada GSBE"]
[WhiteTeamCountry "HUN"]
[BlackTeamCountry "HUN"]

1. e4 c5 2. c3 e6 3. Nf3 Nc6 4. d4 cxd4 5. cxd4 d5 6. exd5 exd5 7. Nc3 Nf6 8. Bb5 a6 9. Be2 Be7 10. 0-0 0-0 11. h3 Bf5 12. a3 Re8 13. Ne5 Bd6 14. Nf3 h6 15. b4 Re7 16. Be3 b5 17. Rc1 Rc7 18. Qb3 Be6 19. Nd2 Qc8 20. Bf3 Ne7 21. Ne2 Raa7 22. Rxc7 Rxc7 23. Nb1 1/2-1/2

[Event "HUN-chT2 Erkel 1314"]
[Site "Hungary"]
[Date "2014.03.02"]
[Round "8.12"]
[White "Foldi, Martin"]
[Black "Czajner, Gabor"]
[Result "0-1"]
[WhiteElo "1790"]
[BlackElo "1596"]
[PlyCount "112"]
[EventDate "2013.09.08"]
[EventType "team-tourn"]
[EventRounds "11"]
[EventCountry "HUN"]
[SourceTitle "EXT 2016"]
[Source "ChessBase"]
[SourceDate "2015.10.08"]
[SourceVersion "1"]
[SourceVersionDate "2015.10.08"]
[SourceQuality "1"]
[WhiteTeam "Gyongyos Matra"]
[BlackTeam "Andornaktalya"]
[WhiteTeamCountry "HUN"]
[BlackTeamCountry "HUN"]

1. e4 e6 2. d4 d5 3. exd5 exd5 4. Nf3 Nf6 5. Bd3 Bd6 6. 0-0 0-0 7. Bg5 h6 8. Bh4 Be6 9. Nbd2 Nbd7 10. Re1 c6 11. Ne5 Qc7 12. Bg3 Bxe5 13. dxe5 Ne8 14. f4 Nc5 15. Qf3 Nxd3 16. Qxd3 Qd7 17. Nf3 Bf5 18. Qd2 c5 19. Nh4 Nc7 20. h3 Rfe8 21. Bf2 d4 22. g4 Bh7 23. f5 Qe7 24. f6 Qf8 25. Nf5 Bxf5 26. gxf5 Nd5 27. Bh4 Ne3 28. Qf2 Rxe5 29. Qg3 Rxf5 30. c3 g6 31. cxd4 cxd4 32. Qc7 b6 33. Rac1 Qd8 34. Qe7 Nd5 35. Qe4 Nxf6 36. Bxf6 Rxf6 37. Rc4 Rd6 38. Rd1 d3 39. Rc6 Qg5+ 40. Kh2 Rad8 41. Rxd6 Rxd6 42. Rxd3 Rxd3 43. Qxd3 Qe5+ 44. Kg1 Qxb2 45. Qd5 a5 46. h4 Qc1+ 47. Kg2 Qc2+ 48. Kg3 Qc5 49. Qd2 Qg1+ 50. Kh3 h5 51. Qd8+ Kg7 52. Qe7 Qg4+ 53. Kh2 Qf4+ 54. Kg2 Qd2+ 55. Kf3 Qxa2 56. Ke3 Qe6+ 0-1

[Event "HUN-chT2 Erkel 1314"]
[Site "Hungary"]
[Date "2014.02.16"]
[Round "7.12"]
[White "Foldi, Martin"]
[Black "Soos, Milan"]
[Result "1-0"]
[WhiteElo "1790"]
[BlackElo "1531"]
[PlyCount "105"]
[EventDate "2013.09.08"]
[EventType "team-tourn"]
[EventRounds "11"]
[EventCountry "HUN"]
[SourceTitle "EXT 2016"]
[Source "ChessBase"]
[SourceDate "2015.10.08"]
[SourceVersion "1"]
[SourceVersionDate "2015.10.08"]
[SourceQuality "1"]
[WhiteTeam "Gyongyos Matra"]
[BlackTeam "Paszto"]
[WhiteTeamCountry "HUN"]
[BlackTeamCountry "HUN"]

1. e4 e5 2. Nf3 Nc6 3. Nc3 Nf6 4. Bc4 Bc5 5. d3 0-0 6. 0-0 d6 7. h3 Nd4 8. a3 a5 9. Bg5 c6 10. Ba2 b5 11. Be3 Nxf3+ 12. Qxf3 Bxe3 13. fxe3 b4 14. Ne2 Qb6 15. Qg3 Kh8 16. Kh1 c5 17. a4 Bd7 18. Bc4 Qd8 19. Qf2 Qe8 20. b3 Be6 21. Bb5 Bd7 22. Bxd7 Qxd7 23. Ng3 Qd8 24. Nf5 Nh5 25. Qf3 g6 26. Nh6 Ra7 27. Ng4 f5 28. Nh6 Qg5 29. g4 Qxh6 30. gxh5 Qxh5 31. Qxh5 gxh5 32. exf5 Raf7 33. e4 d5 34. Rg1 dxe4 35. dxe4 Rg7 36. Rxg7 Kxg7 37. Rd1 Kf6 38. Rd6+ Kg5 39. Rd5 Kf4 40. Rxc5 Kxe4 41. Rxa5 Rxf5 42. Kg2 Kd4 43. Rb5 Kc3 44. a5 Kxc2 45. Rxb4 Kc3 46. Rb5 Kd4 47. b4 Rf7 48. a6 e4 49. Rb7 Rf8 50. a7 Ra8 51. b5 Rg8+ 52. Kf1 Rf8+ 53. Ke1 1-0

[Event "HUN-chT2 Erkel 1314"]
[Site "Hungary"]
[Date "2014.02.02"]
[Round "6.12"]
[White "Pap, Kristof"]
[Black "Foldi, Martin"]
[Result "1-0"]
[WhiteElo "1484"]
[BlackElo "1790"]
[PlyCount "133"]
[EventDate "2013.09.08"]
[EventType "team-tourn"]
[EventRounds "11"]
[EventCountry "HUN"]
[SourceTitle "EXT 2016"]
[Source "ChessBase"]
[SourceDate "2015.10.08"]
[SourceVersion "1"]
[SourceVersionDate "2015.10.08"]
[SourceQuality "1"]
[WhiteTeam "Mezokovesd"]
[BlackTeam "Gyongyos Matra"]
[WhiteTeamCountry "HUN"]
[BlackTeamCountry "HUN"]

1. d4 d5 2. c4 dxc4 3. Nc3 Nf6 4. Bg5 e6 5. e4 Be7 6. Bxc4 h6 7. Bh4 c6 8. e5 Nd5 9. Bxe7 Nxe7 10. Qg4 Nf5 11. Nge2 Qh4 12. Qxh4 Nxh4 13. 0-0 0-0 14. Ne4 Nd7 15. f4 Nf5 16. Rf3 Nb6 17. b3 Rd8 18. Rd1 Nd5 19. Rdd3 Nb4 20. Rd2 b5 21. Bd3 Nxd4 22. Nxd4 Rxd4 23. Nc5 Rd5 24. a3 Rxc5 25. axb4 Rc1+ 26. Kf2 Bb7 27. Be4 Rf8 28. Rfd3 g6 29. Rd7 Ba6 30. Rxa7 Bc8 31. Rc7 Rc3 32. Rd3 Rxd3 33. Bxd3 Rd8 34. Ke3 Bd7 35. Be4 Kg7 36. Bxc6 Bxc6 37. Rxc6 Rb8 38. Kd4 Rd8+ 39. Kc5 Rd5+ 40. Kb6 h5 41. Rc5 Rd2 42. g3 Rxh2 43. Kxb5 Rh3 44. Kc6 Rxg3 45. b5 h4 46. b6 h3 47. Rc2 Rg2 48. Rc3 h2 49. Rh3 Rc2+ 50. Kb5 Rc3 51. Rxh2 Rxb3+ 52. Kc6 Rc3+ 53. Kd7 Rd3+ 54. Kc8 Rc3+ 55. Kb8 f6 56. Rb2 fxe5 57. fxe5 g5 58. b7 Kg6 59. Ka7 Rc7 60. Kb6 Rxb7+ 61. Kxb7 Kf5 62. Re2 g4 63. Kc6 Kf4 64. Kd6 Kf3 65. Ra2 g3 66. Kxe6 g2 67. Rxg2 1-0

[Event "HUN-chT2 Erkel 1314"]
[Site "Hungary"]
[Date "2013.11.17"]
[Round "5.12"]
[White "Foldi, Martin"]
[Black "Kovacs, Judit"]
[Result "1-0"]
[WhiteElo "1790"]
[BlackElo "1661"]
[PlyCount "83"]
[EventDate "2013.09.08"]
[EventType "team-tourn"]
[EventRounds "11"]
[EventCountry "HUN"]
[SourceTitle "EXT 2016"]
[Source "ChessBase"]
[SourceDate "2015.10.08"]
[SourceVersion "1"]
[SourceVersionDate "2015.10.08"]
[SourceQuality "1"]
[WhiteTeam "Gyongyos Matra"]
[BlackTeam "Budapest Honved"]
[WhiteTeamCountry "HUN"]
[BlackTeamCountry "HUN"]

1. e4 c5 2. c3 d5 3. exd5 Qxd5 4. d4 g6 5. Nf3 Bg7 6. Be3 cxd4 7. cxd4 Nf6 8. Nc3 Qa5 9. Bb5+ Bd7 10. Bd3 0-0 11. 0-0 Nc6 12. a3 Rac8 13. h3 Nd5 14. Qb3 Be6 15. Qxb7 Nxc3 16. bxc3 Qxc3 17. Bb5 Nxd4 18. Nxd4 Bxd4 19. Bxd4 Qxd4 20. Qxe7 Rc2 21. Rad1 Qb6 22. a4 Rfc8 23. Rd6 Qc5 24. Rd8+ Rxd8 25. Qxd8+ Kg7 26. Qd1 Bb3 27. Qa1+ Kg8 28. Qf6 Ra2 29. Re1 Be6 30. Rxe6 Qc1+ 31. Bf1 fxe6 32. Qxe6+ Kg7 33. Qxa2 Qc5 34. Qb2+ Kg8 35. Bb5 Qc7 36. Qd2 Kf8 37. Qh6+ Kg8 38. Qg5 Kg7 39. Qd2 Kf8 40. Qb4+ Kg7 41. Qd4+ Kg8 42. Bc4+ 1-0

[Event "Budapest op 3rd"]
[Site "Budapest"]
[Date "2013.08.25"]
[Round "9"]
[White "Foldi, Martin"]
[Black "Schatzer, Andras"]
[Result "1-0"]
[WhiteElo "1783"]
[BlackElo "1827"]
[PlyCount "95"]
[EventDate "2013.08.17"]
[EventType "swiss"]
[EventRounds "9"]
[EventCountry "HUN"]
[SourceTitle "CBM 156 Extra"]
[Source "ChessBase"]
[SourceDate "2013.10.22"]
[SourceVersion "1"]
[SourceVersionDate "2013.10.22"]
[SourceQuality "1"]

1. e4 c5 2. c3 Nf6 3. e5 Nd5 4. d4 cxd4 5. cxd4 Nc6 6. Nf3 d6 7. Nc3 Nxc3 8. bxc3 dxe5 9. d5 Nb8 10. Nxe5 g6 11. Qf3 f6 12. Bb5+ Nd7 13. Nxd7 Bxd7 14. Bxd7+ Qxd7 15. 0-0 Bg7 16. Ba3 0-0 17. Rab1 b6 18. Rfe1 Rfe8 19. Re6 Qa4 20. Bxe7 Qxa2 21. Rbe1 a5 22. d6 Bf8 23. Qxf6 Qd2 24. R6e2 Qd5 25. Re5 Bxe7 26. dxe7 Qf7 27. Qxb6 a4 28. Qc6 Rab8 29. Qxa4 Rxe7 30. Rxe7 Qxe7 31. Qc4+ Qf7 32. Qxf7+ Kxf7 33. g3 Rc8 34. Re3 Kf6 35. Kf1 Rc7 36. Ke2 Rd7 37. Re4 Kf5 38. f3 Ra7 39. Kd3 Ra2 40. h4 Rg2 41. g4+ Kf6 42. c4 Rh2 43. c5 Rh1 44. c6 Rc1 45. Rc4 Rd1+ 46. Ke4 Rd8 47. c7 Rc8 48. Kd5 1-0

[Event "HUN-chT2 Erkel 1213"]
[Site "Hungary"]
[Date "2013.01.27"]
[Round "6.12"]
[White "Foldi, Martin"]
[Black "Potari, Adrian"]
[Result "1/2-1/2"]
[WhiteElo "1790"]
[BlackElo "2017"]
[PlyCount "84"]
[EventDate "2012.09.16"]
[EventType "team-tourn"]
[EventRounds "11"]
[EventCountry "HUN"]
[SourceTitle "EXT 2014"]
[Source "ChessBase"]
[SourceDate "2013.11.20"]
[SourceVersion "1"]
[SourceVersionDate "2013.11.20"]
[SourceQuality "1"]
[WhiteTeam "Matra"]
[BlackTeam "BEAC II"]
[WhiteTeamCountry "HUN"]
[BlackTeamCountry "HUN"]

1. d4 Nf6 2. Nf3 c5 3. e3 d5 4. c4 cxd4 5. exd4 Nc6 6. h3 e6 7. Nc3 Be7 8. c5 Ne4 9. Qc2 f5 10. Bb5 Bf6 11. 0-0 0-0 12. Bxc6 bxc6 13. Bf4 a5 14. Na4 Ba6 15. Rfe1 g5 16. Be5 g4 17. Bxf6 Qxf6 18. Ne5 gxh3 19. f3 Ng5 20. Nb6 Ra7 21. Nbd7 Rxd7 22. Nxd7 Qxd4+ 23. Kh1 Rf7 24. Ne5 Rg7 25. g4 fxg4 26. Nxg4 Nxf3 27. Nh6+ Kf8 28. Qb3 Nxe1 29. Qb8+ Ke7 30. Rxe1 Rg1+ 31. Rxg1 Qe4+ 32. Kh2 Qe2+ 33. Kxh3 Qh5+ 34. Kg2 Qxh6 35. Qa7+ Kf6 36. Qxa6 Qg5+ 37. Kf2 Qf4+ 38. Ke2 Qe4+ 39. Kf2 Qf4+ 40. Ke2 Qe4+ 41. Kf2 Qf4+ 42. Ke2 Qe4+ 1/2-1/2

[Event "HUN-chT2 Erkel 1112"]
[Site "Hungary"]
[Date "2012.03.12"]
[Round "7.12"]
[White "Foldi, Martin"]
[Black "Horvath, Attila Bela"]
[Result "1/2-1/2"]
[WhiteElo "1813"]
[BlackElo "1817"]
[PlyCount "97"]
[EventDate "2011.09.25"]
[EventType "team-tourn"]
[EventRounds "11"]
[EventCountry "HUN"]
[SourceTitle "EXT 2013"]
[Source "ChessBase"]
[SourceDate "2012.11.22"]
[SourceVersion "1"]
[SourceVersionDate "2012.11.22"]
[SourceQuality "1"]
[WhiteTeam "Matra"]
[BlackTeam "MAFC"]
[WhiteTeamCountry "HUN"]
[BlackTeamCountry "HUN"]

1. e4 c6 2. d4 d5 3. exd5 cxd5 4. Nf3 Nc6 5. c3 Bf5 6. Bd3 Bxd3 7. Qxd3 a6 8. 0-0 e6 9. Bf4 Bd6 10. Be5 Nf6 11. h3 0-0 12. Nbd2 b5 13. a3 Rc8 14. a4 Bxe5 15. dxe5 Nd7 16. axb5 axb5 17. Qxb5 Ndxe5 18. Nxe5 Nxe5 19. Rfe1 Qg5 20. Qe2 Nc4 21. Nxc4 Rxc4 22. Qd3 Rfc8 23. b3 R4c7 24. Re3 g6 25. Ra4 Rxc3 26. Qxc3 Rxc3 27. Rxc3 Qd2 28. Rc8+ Kg7 29. Ra1 Qb2 30. Ra7 Qxb3 31. Rcc7 Qb1+ 32. Kh2 Qf5 33. f3 Qf4+ 34. Kg1 Qe3+ 35. Kh2 Qf4+ 36. Kg1 d4 37. Rd7 e5 38. Rab7 h5 39. Ra7 Qe3+ 40. Kh2 Qf4+ 41. Kg1 Qc1+ 42. Kh2 Qc4 43. Rac7 Qe6 44. Re7 Qf5 45. Rcd7 d3 46. Rd5 Qf4+ 47. Kg1 Qe3+ 48. Kh2 Kf6 49. Red7 1/2-1/2

[Event "HUN-chT2 Erkel 1112"]
[Site "Hungary"]
[Date "2011.11.13"]
[Round "3.12"]
[White "Foldi, Martin"]
[Black "Gorcsi, Gabor"]
[Result "1/2-1/2"]
[WhiteElo "1813"]
[BlackElo "1751"]
[PlyCount "44"]
[EventDate "2011.09.25"]
[EventType "team-tourn"]
[EventRounds "11"]
[EventCountry "HUN"]
[SourceTitle "EXT 2013"]
[Source "ChessBase"]
[SourceDate "2012.11.22"]
[SourceVersion "1"]
[SourceVersionDate "2012.11.22"]
[SourceQuality "1"]
[WhiteTeam "Matra"]
[BlackTeam "Paszto"]
[WhiteTeamCountry "HUN"]
[BlackTeamCountry "HUN"]

1. e4 c5 2. c3 Nf6 3. e5 Nd5 4. d4 cxd4 5. cxd4 Nc6 6. Nf3 d6 7. exd6 Qxd6 8. a3 Bg4 9. Be2 g6 10. Nc3 Bg7 11. Qb3 Nxc3 12. bxc3 Rb8 13. 0-0 0-0 14. Be3 e6 15. h3 Bxf3 16. Bxf3 Rfd8 17. Rfd1 Ne7 18. Rab1 b5 19. Qb4 Qxb4 20. axb4 Nd5 21. Bxd5 Rxd5 22. Ra1 Rd7 1/2-1/2

[Event "HUN-chT2 Erkel 1011"]
[Site "Hungary"]
[Date "2011.05.01"]
[Round "10.12"]
[White "Palotai, Bendeguz"]
[Black "Foldi, Martin"]
[Result "0-1"]
[WhiteElo "1630"]
[BlackElo "1811"]
[PlyCount "102"]
[EventDate "2010.09.12"]
[EventType "team-tourn"]
[EventRounds "11"]
[EventCountry "HUN"]
[SourceTitle "EXT 2012"]
[Source "ChessBase"]
[SourceDate "2011.11.24"]
[SourceVersion "1"]
[SourceVersionDate "2011.11.24"]
[SourceQuality "1"]
[WhiteTeam "Toth Laszlo"]
[BlackTeam "Matra"]
[WhiteTeamCountry "HUN"]
[BlackTeamCountry "HUN"]

1. e4 c5 2. Nf3 d6 3. d4 cxd4 4. Nxd4 Nf6 5. Nc3 g6 6. Be3 Bg7 7. Qd2 Bd7 8. f3 Nc6 9. g4 h5 10. gxh5 Nxh5 11. Nxc6 Bxc6 12. Rg1 Qc7 13. 0-0-0 a6 14. Bd4 Bh6 15. Be3 Bxe3 16. Qxe3 0-0-0 17. Nd5 Bxd5 18. Rxd5 Kb8 19. Qb3 Ka8 20. Rd4 Qc5 21. Qb4 Qxb4 22. Rxb4 Nf4 23. h3 Nxh3 24. Rg3 Nf4 25. Kd2 Rh2+ 26. Ke3 Nh5 27. Rg2 Rxg2 28. Bxg2 Rc8 29. c3 Ka7 30. Bh3 Rc5 31. Bf1 b6 32. Rd4 Kb7 33. Bc4 f5 34. exf5 gxf5 35. Bd5+ Kc7 36. Rd2 Nf6 37. c4 e6 38. Bxe6 Re5+ 39. Kf4 Rxe6 40. Kxf5 Kd7 41. Rh2 Ne8 42. f4 Re7 43. Kg6 Rg7+ 44. Kh6 Rg4 45. f5 Rxc4 46. Rf2 Ke7 47. Kg5 Kf7 48. Rh2 Nf6 49. Rg2 d5 50. Kh6 Rg4 51. Rd2 Ne4 0-1

[Event "HUN-chT2 Erkel 1011"]
[Site "Hungary"]
[Date "2011.04.10"]
[Round "8.12"]
[White "Foldi, Martin"]
[Black "Slezak, Daniel Robert"]
[Result "1/2-1/2"]
[WhiteElo "1811"]
[BlackElo "1731"]
[PlyCount "62"]
[EventDate "2010.09.12"]
[EventType "team-tourn"]
[EventRounds "11"]
[EventCountry "HUN"]
[SourceTitle "EXT 2012"]
[Source "ChessBase"]
[SourceDate "2011.11.24"]
[SourceVersion "1"]
[SourceVersionDate "2011.11.24"]
[SourceQuality "1"]
[WhiteTeam "Matra"]
[BlackTeam "Vaci"]
[WhiteTeamCountry "HUN"]
[BlackTeamCountry "HUN"]

1. e4 c6 2. d4 d5 3. exd5 cxd5 4. Nf3 Nf6 5. Bd3 Nc6 6. c3 Bg4 7. Bf4 e6 8. 0-0 Bd6 9. Bg3 Bxg3 10. hxg3 Qb6 11. Qb3 Bxf3 12. Qxb6 axb6 13. gxf3 Ke7 14. Re1 Na5 15. Nd2 Rhc8 16. Kg2 Nc4 17. Nxc4 dxc4 18. Be4 Rc7 19. f4 Kd6 20. Kf3 Nd5 21. Bxd5 exd5 22. a3 Rd8 23. Re2 Rdd7 24. Rae1 Re7 25. g4 Rxe2 26. Rxe2 Re7 27. Rxe7 Kxe7 28. f5 Kf6 29. Kf4 g5+ 30. fxg6 fxg6 31. g5+ Ke6 1/2-1/2

[Event "Nyiregyhaza op"]
[Site "Nyiregyhaza"]
[Date "2008.07.24"]
[Round "3"]
[White "Foldi, Martin"]
[Black "Nagy, Barbara"]
[Result "1-0"]
[WhiteElo "1812"]
[BlackElo "1617"]
[PlyCount "121"]
[EventDate "2008.07.23"]
[EventType "swiss"]
[EventRounds "7"]
[EventCountry "HUN"]
[SourceTitle "EXT 2009"]
[Source "ChessBase"]
[SourceDate "2008.11.26"]
[SourceVersion "1"]
[SourceVersionDate "2008.11.26"]
[SourceQuality "1"]

1. d4 Nf6 2. Nf3 g6 3. Nc3 Bg7 4. Bf4 d6 5. e4 0-0 6. Qd2 Nc6 7. Bh6 e5 8. d5 Ne7 9. 0-0-0 a6 10. Bd3 b5 11. h4 Rb8 12. Qg5 Ng4 13. Bxg7 Kxg7 14. Rdf1 h5 15. Nh2 b4 16. Nxg4 Bxg4 17. Ne2 a5 18. f3 Bd7 19. g4 f6 20. Qe3 Rh8 21. gxh5 Rxh5 22. Ng3 Rh6 23. f4 b3 24. cxb3 c6 25. fxe5 dxe5 26. Qf2 Qf8 27. dxc6 Bxc6 28. Kb1 a4 29. bxa4 Bxa4 30. Bc2 Bd7 31. Bb3 Nc6 32. Rhg1 Nd4 33. Bc4 Rc8 34. b3 Rc6 35. Nf5+ Nxf5 36. exf5 Bxf5+ 37. Qxf5 Qd6 38. Qf2 Rh8 39. Rd1 Qc7 40. Qg2 f5 41. Qd5 Kf6 42. Qd7 Qxd7 43. Rxd7 Rf8 44. a4 e4 45. Rf1 Ke5 46. Rd5+ Kf6 47. Re1 Rb8 48. Rb5 Re8 49. Rb7 Rf8 50. a5 Rd6 51. a6 Ra8 52. a7 Ke5 53. Kc2 Kf4 54. Rd1 Rxd1 55. Kxd1 Ke5 56. b4 f4 57. b5 f3 58. Ke1 e3 59. b6 Rc8 60. Rc7 Rf8 61. Rf7 1-0